Welcome to the Holygrace Academy Library

Please use search bar below to get started

ANJUVILAKK (Record no. 5553)

MARC details
000 -LEADER
fixed length control field 00370nam a22001457a 4500
020 ## - INTERNATIONAL STANDARD BOOK NUMBER
ISBN 81-8423-128-
082 ## - DEWEY DECIMAL CLASSIFICATION NUMBER
Classification number 894.812
Item number KRI/A
100 ## - MAIN ENTRY--AUTHOR NAME
Personal name KRISHNAN, C.A
245 ## - TITLE STATEMENT
Title ANJUVILAKK
Remainder of title THRISSURINTE ENNALEKALILEKK ORU KILIVATHIL
260 ## - PUBLICATION, DISTRIBUTION, ETC. (IMPRINT)
Place of publication THRISSUR
Name of publisher GREEN BOOKS
Year of publication 2009
300 ## - PHYSICAL DESCRIPTION
Number of Pages 130
520 ## - SUMMARY, ETC.
Summary, etc ABOUT THRISSUR
650 ## - SUBJECT ADDED ENTRY--TOPICAL TERM
Topical Term THRISSUR AND ITS CULTURES
942 ## - ADDED ENTRY ELEMENTS (KOHA)
Koha item type Books
Holdings
Withdrawn status Lost status Collection code Home library Current library Shelving location Date acquired Source of acquisition Cost, normal purchase price Full call number Accession Number Koha item type
    Fiction Main Library Main Library SHELF-16L- MALAYALAM BIOGRAPHY,STUDIES/CRITICISM 11/10/2012 Purchase 85.00 894.812 KRI/A 02749 Books